'Secret love song' by Little Mix. - Statistics

General Stats
  • This quiz has been taken 221 times
  • The average score is 322 of 380
Answer Stats
Answer % Correct
i
99%
you
99%
the
98%
a
96%
be
96%
that
96%
hold
94%
me
94%
we
94%
when
94%
in
93%
it
93%
on
93%
street
93%
why
93%
can't
92%
kiss
91%
like
91%
could
90%
dance
90%
floor
90%
i'm
90%
love
90%
wish
90%
yours
90%
'cause
89%
ever
86%
doors
84%
every
84%
more
84%
and
83%
closed
83%
little
83%
time
83%
see
82%
behind
81%
die
81%
keep
81%
from
79%
say
78%
never
76%
shout
76%
wanna
76%
this
74%
is
73%
rooftops
73%
so
73%
know
72%
enough
71%
got
70%
but
69%
moments
68%
don't
67%
for
67%
hide
66%
stolen
66%
to
65%
as
64%
mine
64%
my
63%
steal
63%
it'll
58%
will
58%
have
56%
day
54%
falls
54%
away
53%
just
53%
us
52%
show
51%
where
51%
deep
50%
it's
50%
face
49%
of
49%
outside
49%
perfectly
49%
stop
49%
way
49%
down
48%
second
48%
someday
48%
tears
48%
you're
48%
house
46%
i'll
46%
piece
46%
drive
44%
fits
44%
if
44%
live
44%
living
44%
oh
43%
meant
42%
silent
42%
these
42%
thought
42%
rolling
41%
change
40%
homeless
40%
obvious
40%
both
39%
wonder
37%
courtain
2%
No matching quizzes found
Score Distribution
Percent of People with Each Score
Percentile by Number Answered
Your Score History
You have not taken this quiz